Θεωρία ομάδων και θεωρήματα Sylow : μεταπτυχιακή διατριβή

Η διπλωματική αυτή παρουσιάζει την Θεωρά των Ομάδων. Μελετά κάποιες σημαντικές Ομάδες όπως είναι οι Ομάδες Συμμετρίας και οι Διεδρικές, οι αβελιανές ομάδες και η ομάδα του Klein. Τέλος, κλείνει με τα Θεωρήματα του Sylow Καθώς και τις αποδείξεις τους....

Full description

Saved in:
Bibliographic Details
Main Author: Πολίτου, Δήμητρα
Corporate Author: Πανεπιστήμιο Αιγαίου. Σχολή Θετικών Επιστημών. Τμήμα Μαθηματικών. Μεταπτυχιακό Πρόγραμμα Σπουδών Μαθηματική Μοντελοποίηση στις Φυσικές Επιστήμες και στις Σύγχρονες Τεχνολογίες
Format: Thesis Book
Language:Greek
Published: 2009.
Subjects:
Online Access:http://hdl.handle.net/11610/12180
Tags: Add Tag
No Tags, Be the first to tag this record!

MARC

LEADER 00000cam a2200000 i 4500
001 1/103586
008 090401s2009 gr | ||| |||| ||gre||
035 |l 10104108 
040 |a GR-MyUA  |b gre  |e AACR2 
041 0 |a gre 
082 0 |a 512.2   |2 (22)  
100 1 |a Πολίτου, Δήμητρα. 
245 1 0 |a Θεωρία ομάδων και θεωρήματα Sylow :   |b μεταπτυχιακή διατριβή /   |c Δήμητρα Πολίτου ; επιβλέπων καθηγητής, Βασίλειος Μεταφτσής.  
260 |c 2009.  
300 |a 63 σ. :   |b σχέδια ;   |c 30 εκ.  
500 |a Μέλη της εξεταστικής επιτροπής: Μεταφτσής Βασίλειος, Κερεμίδης Κυριάκος, Τσολομύτης Αντώνιος.  
502 |a Διατριβή (μεταπτυχιακή) – Πανεπιστήμιο Αιγαίου, Σάμος, 2009. 
506 0 |a Διάθεση πλήρους κειμένου - Ελεύθερη πρόσβαση.  
520 |a Η διπλωματική αυτή παρουσιάζει την Θεωρά των Ομάδων. Μελετά κάποιες σημαντικές Ομάδες όπως είναι οι Ομάδες Συμμετρίας και οι Διεδρικές, οι αβελιανές ομάδες και η ομάδα του Klein. Τέλος, κλείνει με τα Θεωρήματα του Sylow Καθώς και τις αποδείξεις τους. 
540 |a Κλειδωμένη η δυνατότητα αντιγραφής (copy) του κειμένου.  
610 2 0 |a University of the Aegean  |x Dissertations. 
650 0 0 |a Group theory. 
650 0 0 |a Symmetry groups. 
650 0 0 |a Sylow subgroups. 
650 0 0 |a Dissertations, Academic  |z Greece. 
700 1 |a Μεταφτσής, Βασίλειος,  |e dgs 
710 2 |a Πανεπιστήμιο Αιγαίου.   |b Σχολή Θετικών Επιστημών.   |b Τμήμα Μαθηματικών.   |b Μεταπτυχιακό Πρόγραμμα Σπουδών Μαθηματική Μοντελοποίηση στις Φυσικές Επιστήμες και στις Σύγχρονες Τεχνολογίες. 
852 |a INST  |b SAMOS  |c DIATR  |e 20090401  |h 512.2 ΠΟΛ  |p 005300029070  |q 005300029070  |t MTXE  |y 23 
852 |a INST  |b SAMOS  |c DIATR  |e 20090401  |h 512.2 ΠΟΛ  |p 005300029071  |q 005300029071  |t MTXE  |y 23 
856 |u http://hdl.handle.net/11610/12180 
901 |a BIBL3-2009-1 
909 |a Σ  |b 155891 
909 |a Σ  |b 155892 
924 |a ΠΟΛΙΤΟΥ  |b ΔΗΜΗΤΡΑ  |y Σάμος  |z 2009-02 
970 |a ΚΟΣΙΕΡΗΣ  |b ΧΡΗΣΤΟΣ  |z 2009/04/01